[Event "Neumarkt am Wallersee op 14th"]
[Site "Neumarkt am Wallersee"]
[Date "2015.08.22"]
[Round "1"]
[White "Grafenhofer, Ernst"]
[Black "Frank, Emanuel"]
[Result "0-1"]
[WhiteElo "1686"]
[BlackElo "2195"]
[PlyCount "64"]
[EventDate "2015.08.22"]
[EventType "swiss"]
[EventRounds "9"]
[EventCountry "AUT"]
[SourceTitle "EXT 2016"]
[Source "ChessBase"]
[SourceDate "2015.10.08"]
[SourceVersion "1"]
[SourceVersionDate "2015.10.08"]
[SourceQuality "1"]

1. e4 e5 2. Nf3 Nc6 3. Bc4 Nf6 4. Ng5 d5 5. exd5 Na5 6. Bb5+ c6 7. dxc6 bxc6 8. Ba4 h6 9. Nf3 Bd6 10. 0-0 e4 11. Nd4 Bxh2+ 12. Kxh2 Ng4+ 13. Kg1 Qh4 14. Qxg4 Bxg4 15. b4 Rd8 16. Bxc6+ Nxc6 17. Nxc6 Rd5 18. Re1 Be6 19. Re3 Rh5 20. f3 Qh1+ 21. Kf2 Qxc1 22. a4 Rh1 23. Rxe4 Qg1+ 24. Kg3 Rh3+ 25. Kf4 Rh4+ 26. Kg3 Rxe4 27. fxe4 Bd7 28. b5 Bxc6 29. bxc6 Qc5 30. Ra3 Qxc6 31. Rc3 Qd6+ 32. Kf3 0-0 0-1